Loading...
| Beliefs | 4 | 5 | 0 | 2 | 110 | 36 | 82.67 | 7 | 9 |
| Other Arts: Auditory | 2 | 2 | 1 | 1 | 45 | 41 | 77.50 | 3 | 4 |
| Fine Arts - Visual Fine Arts | 3 | 0 | 0 | 0 | 45 | 57 | 61.00 | 2 | 3 |
| Science - Physics | 1 | 3 | 0 | 2 | 45 | 59 | 97.50 | 2 | 4 |
| Science - Biology | 1 | 3 | 0 | 3 | 45 | 25 | 100.25 | 2 | 4 |
| Science - Chemistry | 1 | 2 | 0 | 1 | 35 | 55 | 85.33 | 1 | 3 |
| 1 | 2 | 1 | 1 | 30 | 50 | 88.00 | 1 | 3 | |
| Philosophy | 1 | 1 | 0 | 1 | 25 | 71 | 99.50 | 2 | 2 |
| Literature - American Literature | 1 | 1 | 0 | 0 | 25 | 57 | 76.00 | 1 | 2 |
| Social Science | 0 | 2 | 0 | 0 | 20 | 95 | 105.00 | 1 | 2 |
| Literature - British Literature | 1 | 0 | 0 | 0 | 15 | 58 | 58.00 | 1 | 1 |
| Other Science: Math | 1 | 0 | 0 | 0 | 15 | 71 | 71.00 | 0 | 1 |
| Other Science: Computer Science | 1 | 0 | 0 | 0 | 15 | 32 | 32.00 | 1 | 1 |
| History - American History | 0 | 2 | 1 | 1 | 15 | 106 | 110.00 | 1 | 2 |
| Literature - European Literature | 1 | 0 | 0 | 0 | 15 | 83 | 83.00 | 1 | 1 |
| Fine Arts - Auditory Fine Arts | 0 | 1 | 0 | 0 | 10 | 112 | 112.00 | 1 | 1 |
| Other Academic | 0 | 1 | 0 | 1 | 10 | 81 | 81.00 | 1 | 1 |
| History - Other History | 0 | 1 | 0 | 0 | 10 | 79 | 79.00 | 1 | 1 |
| Geography | 0 | 1 | 0 | 1 | 10 | 142 | 142.00 | 1 | 1 |
| History - World History | 0 | 1 | 0 | 0 | 10 | 78 | 78.00 | 1 | 1 |
| History - European History | 0 | 1 | 1 | 0 | 5 | 64 | 64.00 | 1 | 1 |
| Other Arts: Visual | 0 | 0 | 1 | 0 | -5 | 0.00 | 0 | 0 | |
| Religion | 0 | 0 | 1 | 0 | -5 | 0.00 | 0 | 0 |